[Event "Cannes op"]
[Site "Cannes FRA"]
[Date "1996.??.??"]
[Round "3"]
[White "Hebert, Jean"]
[Black "Medak, Damir"]
[Result "1-0"]
[WhiteElo "2435"]
[BlackElo "2335"]
[PlyCount "45"]
[GameId "2129405179984204"]
[EventDate "1996.??.??"]
[EventType "swiss"]
[EventRounds "9"]
[EventCountry "FRA"]
[SourceTitle "EXP 58"]
[Source "ChessBase"]
[SourceDate "1997.07.29"]
[SourceVersion "1"]
[SourceVersionDate "1997.07.29"]
[SourceQuality "1"]

1. d4 Nf6 2. c4 e6 3. Nc3 d5 4. Bg5 Be7 5. cxd5 exd5 6. e3 O-O 7. Bd3 c6 8. Qc2 Nbd7 9. Nf3 Re8 10. h3 Nf8 11. O-O-O Be6 12. Kb1 Rc8 13. Rc1 b5 14. Ne5 a6 15. Ne2 c5 16. dxc5 Rxc5 17. Qd2 Rxc1+ 18. Qxc1 d4 19. Nxd4 Bxa2+ 20. Kxa2 Qd5+ 21. Kb1 Qxe5 22. Nf3 Ne4 23. Qc2 1-0

[Event "Cannes op"]
[Site "Cannes FRA"]
[Date "1996.??.??"]
[Round "4"]
[White "Mauro, Alan"]
[Black "Hebert, Jean"]
[Result "0-1"]
[WhiteElo "2315"]
[BlackElo "2435"]
[PlyCount "82"]
[GameId "2129405179984251"]
[EventDate "1996.??.??"]
[EventType "swiss"]
[EventRounds "9"]
[EventCountry "FRA"]
[SourceTitle "EXP 58"]
[Source "ChessBase"]
[SourceDate "1997.07.29"]
[SourceVersion "1"]
[SourceVersionDate "1997.07.29"]
[SourceQuality "1"]

1. e4 e6 2. d4 d5 3. Nc3 Bb4 4. Qd3 dxe4 5. Qxe4 Nf6 6. Qh4 Nd5 7. Qxd8+ Kxd8 8. Bd2 Nxc3 9. bxc3 Bd6 10. Nf3 b6 11. Bd3 Bb7 12. Ng5 Ke7 13. Be4 Nc6 14. O-O h6 15. Nh3 Na5 16. Bxb7 Nxb7 17. Rae1 Kd7 18. Bf4 Rac8 19. Rd1 Na5 20. Rfe1 Rce8 21. Be5 Bxe5 22. Rxe5 Nc4 23. Re2 a5 24. Nf4 g6 25. Nd3 f6 26. Nf4 g5 27. Nh5 Rhf8 28. Rde1 Re7 29. f4 f5 30. d5 Kd6 31. Rxe6+ Rxe6 32. Rxe6+ Kd7 33. Rxh6 g4 34. Re6 Na3 35. Nf6+ Kc8 36. h4 gxh3 37. gxh3 Nb5 38. h4 Nxc3 39. Kf2 Kb7 40. Ke3 Rxf6 41. h5 Nxd5+ 0-1

[Event "Cannes op"]
[Site "Cannes FRA"]
[Date "1996.??.??"]
[Round "5"]
[White "Hebert, Jean"]
[Black "Drei, Andrea"]
[Result "1-0"]
[WhiteElo "2435"]
[BlackElo "2325"]
[PlyCount "131"]
[GameId "2129405179984281"]
[EventDate "1996.??.??"]
[EventType "swiss"]
[EventRounds "9"]
[EventCountry "FRA"]
[SourceTitle "EXP 58"]
[Source "ChessBase"]
[SourceDate "1997.07.29"]
[SourceVersion "1"]
[SourceVersionDate "1997.07.29"]
[SourceQuality "1"]

1. d4 Nf6 2. c4 e6 3. Nf3 b6 4. Nc3 Bb7 5. Bg5 Bb4 6. e3 h6 7. Bh4 c5 8. a3 Bxc3+ 9. bxc3 d6 10. Bd3 Nbd7 11. Nd2 Qe7 12. e4 e5 13. d5 Nf8 14. f3 g5 15. Bf2 Ng6 16. g3 h5 17. Nf1 Bc8 18. Ne3 h4 19. Kd2 Ng8 20. Nf5 Qf6 21. Rb1 N8e7 22. g4 Nxf5 23. exf5 Nf4 24. Re1 Bd7 25. Bc2 Rb8 26. Re4 O-O 27. Ba4 b5 28. Bxb5 Bxb5 29. Rxb5 Rxb5 30. cxb5 Nxd5 31. c4 Nb6 32. Ke1 Rd8 33. Qc1 Rd7 34. Be3 Qd8 35. Bxg5 f6 36. Bxh4 d5 37. cxd5 Nxd5 38. Qc4 Kh7 39. Kf1 Nf4 40. Re1 Kg7 41. Bf2 Rd2 42. Be3 Qa8 43. Qe4 Qxe4 44. fxe4 Rxh2 45. Bxc5 Nd3 46. Bg1 Ra2 47. Rd1 Rxa3 48. Bxa7 Rxa7 49. Rxd3 Ra1+ 50. Kf2 Rb1 51. g5 fxg5 52. Rd5 Kf6 53. Rd6+ Kf7 54. b6 Rb3 55. Re6 Rb4 56. Rxe5 Rxb6 57. Kf3 Rb1 58. Ra5 Rf1+ 59. Ke2 Rf4 60. Ke3 Rf1 61. Ra7+ Kf6 62. Ra6+ Ke7 63. Kd4 Rb1 64. Rg6 Rb4+ 65. Kd5 Rb5+ 66. Kc4 1-0

[Event "Cannes op"]
[Site "Cannes FRA"]
[Date "1996.??.??"]
[Round "6"]
[White "Groszpeter, Attila"]
[Black "Hebert, Jean"]
[Result "1/2-1/2"]
[WhiteElo "2565"]
[BlackElo "2435"]
[PlyCount "46"]
[GameId "2129405179984321"]
[EventDate "1996.??.??"]
[EventType "swiss"]
[EventRounds "9"]
[EventCountry "FRA"]
[SourceTitle "EXP 58"]
[Source "ChessBase"]
[SourceDate "1997.07.29"]
[SourceVersion "1"]
[SourceVersionDate "1997.07.29"]
[SourceQuality "1"]

1. e4 e6 2. d4 d5 3. Nc3 Bb4 4. e5 c5 5. a3 Ba5 6. b4 cxd4 7. Qg4 Ne7 8. bxa5 dxc3 9. Qxg7 Rg8 10. Qxh7 Qxa5 11. Nf3 Nbc6 12. Be2 Bd7 13. O-O O-O-O 14. Bg5 Rdf8 15. Bxe7 Nxe7 16. Qh4 Nc6 17. Rfb1 Qc7 18. Bb5 Nxe5 19. Nxe5 Bxb5 20. Rxb5 Qxe5 21. Qe7 Rxg2+ 22. Kxg2 Qe4+ 23. Kf1 Qh1+ 1/2-1/2

[Event "Cannes op"]
[Site "Cannes FRA"]
[Date "1996.??.??"]
[Round "7"]
[White "Hebert, Jean"]
[Black "Kazhgaleyev, Murtas"]
[Result "1/2-1/2"]
[WhiteElo "2435"]
[BlackElo "2490"]
[PlyCount "128"]
[GameId "2129405179984363"]
[EventDate "1996.??.??"]
[EventType "swiss"]
[EventRounds "9"]
[EventCountry "FRA"]
[SourceTitle "EXP 58"]
[Source "ChessBase"]
[SourceDate "1997.07.29"]
[SourceVersion "1"]
[SourceVersionDate "1997.07.29"]
[SourceQuality "1"]

1. d4 Nf6 2. c4 g6 3. Nc3 Bg7 4. e4 d6 5. Nf3 O-O 6. Be2 Na6 7. O-O e5 8. Re1 Qe8 9. Bf1 Bg4 10. Be3 Nd7 11. Be2 c6 12. d5 c5 13. a3 Qe7 14. Rb1 f5 15. h3 Bxf3 16. Bxf3 f4 17. Bd2 h5 18. g3 fxg3 19. fxg3 Nc7 20. h4 Kh7 21. Rf1 a6 22. Qe2 Rab8 23. b4 Bh6 24. Bxh6 Kxh6 25. Qe3+ Kg7 26. Be2 Rxf1+ 27. Rxf1 b6 28. b5 axb5 29. cxb5 Rf8 30. Rxf8 Qxf8 31. Nd1 Nf6 32. Nf2 Qa8 33. Kf1 Qa4 34. Qd3 Nce8 35. Kg2 Nh7 36. g4 hxg4 37. Bxg4 Nef6 38. h5 gxh5 39. Bf5 Qa8 40. Kf1 Kh8 41. Bxh7 Nxh7 42. Qh3 Nf6 43. Qe6 Qf8 44. Ke2 c4 45. Qf5 c3 46. Kd3 Qh6 47. Qc8+ Kg7 48. Qxc3 Qf4 49. Qc7+ Kg6 50. Qxb6 Qg3+ 51. Qe3 Qg1 52. Kc4 Qb1 53. Qf3 h4 54. Qf5+ Kg7 55. Qg5+ Kf7 56. Qxh4 Qa2+ 57. Kb4 Qb2+ 58. Ka4 Qd4+ 59. Kb3 Qe3+ 60. Ka4 Qd4+ 61. Kb3 Nd7 62. Qh7+ Ke8 63. Qh8+ Ke7 64. Qh4+ Ke8 1/2-1/2

[Event "Cannes op"]
[Site "Cannes FRA"]
[Date "1996.??.??"]
[Round "8"]
[White "Barlov, Dragan"]
[Black "Hebert, Jean"]
[Result "1/2-1/2"]
[WhiteElo "2460"]
[BlackElo "2435"]
[PlyCount "96"]
[GameId "2129405179984388"]
[EventDate "1996.??.??"]
[EventType "swiss"]
[EventRounds "9"]
[EventCountry "FRA"]
[SourceTitle "EXP 58"]
[Source "ChessBase"]
[SourceDate "1997.07.29"]
[SourceVersion "1"]
[SourceVersionDate "1997.07.29"]
[SourceQuality "1"]

1. Nf3 Nf6 2. c4 e6 3. d4 Bb4+ 4. Bd2 Qe7 5. g3 Bxd2+ 6. Qxd2 d6 7. Nc3 O-O 8. Bg2 e5 9. h3 a5 10. e4 Nc6 11. O-O Re8 12. Rfe1 Bd7 13. Rac1 Nxd4 14. Nxd4 exd4 15. Qxd4 c5 16. Qd2 Bc6 17. a4 Qc7 18. b3 Rad8 19. Re3 Qb6 20. Qc2 Nd7 21. Rd1 Nf8 22. h4 Ne6 23. Ne2 Qc7 24. Red3 Nf8 25. f3 Ng6 26. Qd2 Ne5 27. Rxd6 Rxd6 28. Qxd6 Qxd6 29. Rxd6 f5 30. Nc3 fxe4 31. Nxe4 h6 32. Nxc5 Nxf3+ 33. Kf2 Rf8 34. Ne6 Rf6 35. Rd8+ Kf7 36. Rf8+ Kxe6 37. Rxf6+ Kxf6 38. Bxf3 Ke5 39. Bxc6 bxc6 40. Ke3 h5 41. c5 Kd5 42. Kd3 Kxc5 43. Kc3 g6 44. b4+ axb4+ 45. Kb3 Kd4 46. Kxb4 c5+ 47. Kb3 Kd3 48. Kb2 Kd2 1/2-1/2

[Event "Cannes op"]
[Site "Cannes FRA"]
[Date "1996.??.??"]
[Round "9"]
[White "Hebert, Jean"]
[Black "Lerch, Patrice"]
[Result "0-1"]
[WhiteElo "2435"]
[BlackElo "2280"]
[PlyCount "144"]
[GameId "2129405179984443"]
[EventDate "1996.??.??"]
[EventType "swiss"]
[EventRounds "9"]
[EventCountry "FRA"]
[SourceTitle "EXP 58"]
[Source "ChessBase"]
[SourceDate "1997.07.29"]
[SourceVersion "1"]
[SourceVersionDate "1997.07.29"]
[SourceQuality "1"]

1. d4 Nf6 2. c4 g6 3. Nc3 d5 4. Nf3 Bg7 5. Bg5 Ne4 6. cxd5 Nxg5 7. Nxg5 e6 8. Qd2 exd5 9. Qe3+ Kf8 10. Qf4 Bf6 11. h4 h6 12. Nf3 Kg7 13. O-O-O c6 14. e3 Be6 15. Bd3 Nd7 16. g4 Qb8 17. Rdg1 Be7 18. Qxb8 Raxb8 19. Ne2 Nf8 20. Ng3 Bxg4 21. Ne5 h5 22. f3 Bc8 23. f4 f6 24. Nxg6 Nxg6 25. f5 Nf8 26. Nxh5+ Kh6 27. Nf4 Bd7 28. Rg2 Be8 29. Rhg1 b6 30. Rg7 Rb7 31. Ne6 a5 32. Rg8 Rxg8 33. Rxg8 Bf7 34. Rh8+ Nh7 35. a3 c5 36. a4 cxd4 37. exd4 Bh5 38. Kd2 Bd6 39. Rd8 Be7 40. Rh8 Bd6 41. Rd8 Bg3 42. Rxd5 Bf3 43. Rd8 Rb8 44. Rxb8 Bxb8 45. Ke3 Bd1 46. Bb5 Kh5 47. Nf4+ Kg4 48. Nd5 Ba7 49. Ne7 Bb8 50. Nd5 Bc2 51. Nxb6 Bxf5 52. Nc4 Bc7 53. d5 Nf8 54. d6 Bd8 55. b4 axb4 56. a5 Bc8 57. Kd2 Nd7 58. a6 Nc5 59. a7 Bb7 60. Ne3+ Kf4 61. Nc4 Nb3+ 62. Ke1 Nd4 63. Ba6 Ba8 64. h5 Kg5 65. d7 Kxh5 66. Nd6 b3 67. Nf7 Ba5+ 68. Kf2 Ne6 69. Kg3 Bc7+ 70. Kf2 Nc5 71. Be2+ Kg6 72. Bf3 b2 0-1

[Event "Cappelle op"]
[Site "Cappelle la Grande FRA"]
[Date "1996.??.??"]
[Round "3"]
[White "Hebert, Jean"]
[Black "Horvath, Jozsef"]
[Result "1-0"]
[WhiteElo "2435"]
[BlackElo "2505"]
[PlyCount "79"]
[GameId "2129405179985103"]
[EventDate "1996.??.??"]
[EventType "swiss"]
[EventRounds "7"]
[EventCountry "FRA"]
[SourceTitle "EXP 58"]
[Source "ChessBase"]
[SourceDate "1997.07.29"]
[SourceVersion "1"]
[SourceVersionDate "1997.07.29"]
[SourceQuality "1"]

1. Nf3 Nf6 2. c4 c5 3. Nc3 d5 4. cxd5 Nxd5 5. g3 Nc6 6. Bg2 Nc7 7. a3 g6 8. b4 Bg7 9. bxc5 Ne6 10. Bb2 Nxc5 11. O-O O-O 12. Na4 Bxb2 13. Nxb2 Be6 14. Rc1 Qa5 15. Nc4 Bxc4 16. Rxc4 Qxa3 17. Qb1 e5 18. Qb5 Ne6 19. e3 Qd6 20. Ra1 Rab8 21. Nh4 Qxd2 22. Bxc6 bxc6 23. Qxe5 Rb2 24. Rf1 c5 25. Rg4 Qc2 26. Nf5 Re8 27. Nd6 Re7 28. Rc4 Qb3 29. Rxc5 Nxc5 30. Qxe7 Nb7 31. Qe8+ Kg7 32. Qe5+ Kg8 33. Ne8 Kf8 34. Nf6 Qb5 35. Nxh7+ Kg8 36. Nf6+ Kg7 37. Nd5+ Kg8 38. Ne7+ Kf8 39. Qf6 Ke8 40. Nc6 1-0

[Event "Cappelle op"]
[Site "Cappelle la Grande FRA"]
[Date "1996.??.??"]
[Round "4"]
[White "Istratescu, Andrei"]
[Black "Hebert, Jean"]
[Result "1-0"]
[WhiteElo "2500"]
[BlackElo "2435"]
[PlyCount "81"]
[GameId "2129405179985124"]
[EventDate "1996.??.??"]
[EventType "swiss"]
[EventRounds "7"]
[EventCountry "FRA"]
[SourceTitle "EXP 58"]
[Source "ChessBase"]
[SourceDate "1997.07.29"]
[SourceVersion "1"]
[SourceVersionDate "1997.07.29"]
[SourceQuality "1"]

1. e4 c5 2. Nf3 Nc6 3. d4 cxd4 4. Nxd4 e5 5. Nb5 d6 6. c4 Be7 7. N1c3 a6 8. Na3 Be6 9. Be2 Rc8 10. O-O Nf6 11. b3 Nd4 12. Bb2 O-O 13. Nc2 Nxc2 14. Qxc2 Qa5 15. a4 Rfd8 16. Rfd1 h6 17. Ba3 Qc7 18. a5 Bf8 19. Nd5 Nxd5 20. exd5 Bd7 21. Bc1 Re8 22. Be3 Qd8 23. b4 Qh4 24. Rac1 f5 25. f3 Qf6 26. c5 f4 27. Bf2 Bf5 28. Bd3 Bxd3 29. Qxd3 Qe7 30. c6 Rb8 31. Bb6 Rec8 32. Rc2 bxc6 33. Rxc6 Re8 34. Qxa6 e4 35. Qe2 e3 36. b5 Qf7 37. Bc7 Rbc8 38. b6 Re5 39. b7 Rxc7 40. b8=Q Rb7 41. Qc8 1-0

[Event "Cappelle op"]
[Site "Cappelle la Grande FRA"]
[Date "1996.??.??"]
[Round "5"]
[White "Hebert, Jean"]
[Black "Brodsky, Michail"]
[Result "1-0"]
[WhiteElo "2435"]
[BlackElo "2545"]
[PlyCount "67"]
[GameId "2129405179985148"]
[EventDate "1996.??.??"]
[EventType "swiss"]
[EventRounds "7"]
[EventCountry "FRA"]
[SourceTitle "EXP 58"]
[Source "ChessBase"]
[SourceDate "1997.07.29"]
[SourceVersion "1"]
[SourceVersionDate "1997.07.29"]
[SourceQuality "1"]

1. d4 d5 2. c4 dxc4 3. Nf3 c6 4. e3 b5 5. a4 e6 6. axb5 cxb5 7. b3 Bb4+ 8. Bd2 Bxd2+ 9. Nbxd2 a5 10. bxc4 b4 11. Ne5 Nf6 12. Qa4+ Bd7 13. Nxd7 Nbxd7 14. Be2 O-O 15. O-O Qc7 16. Bf3 Ra7 17. c5 e5 18. c6 Nb6 19. Qb5 exd4 20. Rxa5 dxe3 21. fxe3 Rxa5 22. Qxa5 Nbd5 23. Qc5 Rd8 24. Nc4 Nc3 25. Qxb4 Nce4 26. Qb7 Rc8 27. Rd1 g6 28. Nb6 Qxb7 29. cxb7 Rb8 30. Nd7 Nxd7 31. Rxd7 Nc5 32. Rc7 Nxb7 33. Bxb7 Rd8 34. e4 1-0

[Event "Syre mem op"]
[Site "Issy les Moulineaux FRA"]
[Date "1995.05.??"]
[Round "?"]
[White "Hebert, Jean"]
[Black "Dezan, Pierre"]
[Result "1/2-1/2"]
[WhiteElo "2400"]
[BlackElo "2250"]
[PlyCount "123"]
[GameId "2129405183881678"]
[EventDate "1995.05.??"]
[EventType "swiss"]
[EventRounds "6"]
[EventCountry "FRA"]
[SourceTitle "EXT 2007"]
[Source "ChessBase"]
[SourceDate "2006.11.23"]
[SourceVersion "1"]
[SourceVersionDate "2006.11.23"]
[SourceQuality "1"]

1. d4 d5 2. c4 c6 3. Nf3 Nf6 4. Nc3 a6 5. e3 b5 6. b3 Bg4 7. Be2 e6 8. O-O Nbd7 9. Bb2 Be7 10. Ne5 Nxe5 11. dxe5 Bxe2 12. Nxe2 Nd7 13. Nd4 Rc8 14. cxb5 cxb5 15. f4 O-O 16. Qg4 Bb4 17. Rad1 Re8 18. Qg3 Nc5 19. f5 Ne4 20. Qf4 Qg5 21. fxe6 fxe6 22. a3 Bc5 23. a4 Qg6 24. Qf3 Qh6 25. Qf7+ Kh8 26. Qf4 g5 27. Qg4 Qg6 28. axb5 axb5 29. Qe2 b4 30. Nb5 Kg8 31. Rf3 Rf8 32. Rdf1 h5 33. Qd3 g4 34. Rf6 Qg5 35. Rxf8+ Rxf8 36. Rxf8+ Kxf8 37. Bd4 Be7 38. Qf1+ Kg8 39. Nc7 Bc5 40. Nxe6 Qxe3+ 41. Bxe3 Bxe3+ 42. Kh1 Nf2+ 43. Qxf2 Bxf2 44. Nf4 h4 45. Nxd5 Kf7 46. Nxb4 Ke6 47. Nd3 g3 48. h3 Be3 49. b4 Bf2 50. b5 Kd5 51. Nf4+ Kxe5 52. Ng6+ Kd6 53. Nxh4 Kc5 54. Nf5 Kxb5 55. h4 Kc6 56. h5 Kd7 57. h6 Be1 58. Kg1 Ke8 59. Kf1 Bc3 60. Ke2 Kf7 61. Kd3 Ba1 62. Nxg3 1/2-1/2

[Event "Syre mem op"]
[Site "Issy les Moulineaux FRA"]
[Date "1995.05.??"]
[Round "?"]
[White "Vasilev, Milen"]
[Black "Hebert, Jean"]
[Result "0-1"]
[WhiteElo "2240"]
[BlackElo "2400"]
[PlyCount "206"]
[GameId "2129405183881690"]
[EventDate "1995.05.??"]
[EventType "swiss"]
[EventRounds "6"]
[EventCountry "FRA"]
[SourceTitle "EXT 2007"]
[Source "ChessBase"]
[SourceDate "2006.11.23"]
[SourceVersion "1"]
[SourceVersionDate "2006.11.23"]
[SourceQuality "1"]

1. e4 c5 2. Nc3 Nc6 3. d3 g6 4. g3 Bg7 5. Bg2 d6 6. f4 e5 7. Nh3 Nge7 8. O-O exf4 9. Nxf4 O-O 10. Be3 Ne5 11. h3 f5 12. Qd2 fxe4 13. Nxe4 Nf5 14. Bf2 Bh6 15. Qc3 Bxf4 16. gxf4 Nc6 17. Ng5 Qf6 18. Qc4+ Kh8 19. c3 h6 20. Nf3 Be6 21. Qa4 Nce7 22. Rae1 Nd5 23. Re4 Ng7 24. Nh2 Kh7 25. Ng4 Qf7 26. Bg3 Nf5 27. Bf2 Bd7 28. Qc2 Nf6 29. Nxf6+ Qxf6 30. Qd2 Bc6 31. Re2 Bxg2 32. Kxg2 Qf7 33. a3 Qd5+ 34. Kh2 Rf7 35. c4 Qf3 36. Rg1 Ng7 37. Bg3 Raf8 38. Re3 Qc6 39. Qg2 Nf5 40. Re4 Rg7 41. Bf2 Qa4 42. Re6 Rfg8 43. Qe4 Qd7 44. b4 b6 45. Re1 Rf7 46. b5 Rgg7 47. d4 cxd4 48. Bxd4 Rg8 49. Bc3 Qd8 50. Re8 Qh4 51. Qf3 Rxe8 52. Rxe8 Ng7 53. Re4 Qd8 54. Bxg7 Kxg7 55. Re6 Qh4 56. Qg3 Qxg3+ 57. Kxg3 Rd7 58. Kf3 Kf7 59. Re4 d5 60. cxd5 Rxd5 61. a4 Rd3+ 62. Kg2 Kf6 63. Rc4 Ra3 64. Rc6+ Kf5 65. Rc4 h5 66. Rd4 h4 67. Rc4 Rg3+ 68. Kh2 Re3 69. a5 Re2+ 70. Kg1 Rb2 71. Rc7 Rxb5 72. axb6 axb6 73. Rf7+ Ke4 74. Rf6 Rb1+ 75. Kg2 Rb2+ 76. Kg1 b5 77. Rxg6 b4 78. f5 Kxf5 79. Rg4 b3 80. Rb4 Ke5 81. Kf1 Kd5 82. Ke1 Kc5 83. Rb8 Kc4 84. Kd1 Rh2 85. Kc1 Rxh3 86. Rc8+ Kd4 87. Rh8 Rh2 88. Kb1 Ke5 89. Rb8 Rc2 90. Rb5+ Kd4 91. Rh5 Rh2 92. Rb5 Kc3 93. Rc5+ Kd3 94. Rb5 Rc2 95. Rxb3+ Rc3 96. Rb8 h3 97. Rh8 Ke2 98. Kb2 Rg3 99. Kc2 Kf2 100. Rd8 h2 101. Rd2+ Kg1 102. Rd1+ Kg2 103. Rd2+ Kh3 0-1

[Event "Syre mem op"]
[Site "Issy les Moulineaux FRA"]
[Date "1995.05.??"]
[Round "?"]
[White "Verat, Laurent"]
[Black "Hebert, Jean"]
[Result "0-1"]
[WhiteElo "2280"]
[BlackElo "2400"]
[PlyCount "66"]
[GameId "2129405183881691"]
[EventDate "1995.05.??"]
[EventType "swiss"]
[EventRounds "6"]
[EventCountry "FRA"]
[SourceTitle "EXT 2007"]
[Source "ChessBase"]
[SourceDate "2006.11.23"]
[SourceVersion "1"]
[SourceVersionDate "2006.11.23"]
[SourceQuality "1"]

1. d4 g6 2. Nf3 Bg7 3. c4 d6 4. Nc3 Nf6 5. e4 O-O 6. Be3 Nbd7 7. h3 e5 8. d5 Nc5 9. Nd2 a5 10. a3 Nfd7 11. b4 f5 12. exf5 gxf5 13. bxc5 f4 14. Nde4 fxe3 15. fxe3 Nxc5 16. Qc2 Bh6 17. Kd2 Bf5 18. Be2 a4 19. Raf1 Nb3+ 20. Kd3 Qg5 21. Rf3 Bg6 22. Rhf1 Qxg2 23. Nxa4 Rxa4 24. Qxb3 b5 25. R1f2 Qh1 26. Rxf8+ Bxf8 27. Bf3 bxc4+ 28. Qxc4 Qb1+ 29. Qc2 Rxa3+ 30. Kc4 Qb6 31. Rg2 Qa6+ 32. Kb4 c5+ 33. dxc6 Qa5+ 0-1

[Event "APSAP op"]
[Site "Paris FRA"]
[Date "1995.02.25"]
[Round "1"]
[White "Barchilon, Jean Charles"]
[Black "Hebert, Jean"]
[Result "0-1"]
[WhiteElo "1920"]
[BlackElo "2400"]
[PlyCount "50"]
[GameId "2129405184004589"]
[EventDate "1995.02.25"]
[EventType "swiss"]
[EventRounds "9"]
[EventCountry "FRA"]

1. d4 Nf6 2. c4 e6 3. Nc3 Bb4 4. Bg5 h6 5. Bh4 c5 6. d5 Bxc3+ 7. bxc3 d6 8. f3 Qe7 9. e4 Nbd7 10. Qc2 g5 11. Bg3 Nh5 12. dxe6 Qxe6 13. Bf2 Ne5 14. O-O-O Bd7 15. Ne2 Nxc4 16. Ng3 Nxg3 17. Bxc4 Qxc4 18. Bxg3 Ba4 19. Qd3 Qxa2 20. Bxd6 Qa1+ 21. Kd2 Qb2+ 22. Ke3 Bxd1 23. Rxd1 O-O-O 24. Qd5 Qxc3+ 25. Rd3 Qe1# 0-1

[Event "APSAP op"]
[Site "Paris FRA"]
[Date "1995.02.26"]
[Round "2"]
[White "Hebert, Jean"]
[Black "Fattoumi, Heykel"]
[Result "1-0"]
[WhiteElo "2400"]
[BlackElo "2050"]
[PlyCount "57"]
[GameId "2129405184008686"]
[EventDate "1995.02.25"]
[EventType "swiss"]
[EventRounds "9"]
[EventCountry "FRA"]

1. d4 d5 2. c4 c6 3. Nf3 Nf6 4. Nc3 e6 5. Bg5 h6 6. Bxf6 Qxf6 7. e3 Nd7 8. Rc1 Qd8 9. Bd3 Be7 10. O-O O-O 11. a3 a6 12. Qe2 f5 13. Rfd1 b5 14. cxd5 cxd5 15. Qf1 Bd6 16. a4 b4 17. Ne2 g5 18. g3 Bb7 19. Rc2 Rf7 20. Nc1 f4 21. exf4 gxf4 22. Qh3 Qf6 23. Re1 e5 24. dxe5 Nxe5 25. Nxe5 Bxe5 26. Nb3 fxg3 27. hxg3 Rd8 28. f4 Bd4+ 29. Kh2 1-0

[Event "APSAP op"]
[Site "Paris FRA"]
[Date "1995.02.27"]
[Round "3"]
[White "Nguyen, T-T"]
[Black "Hebert, Jean"]
[Result "0-1"]
[WhiteElo "1800"]
[BlackElo "2400"]
[PlyCount "100"]
[GameId "2129405184008687"]
[EventDate "1995.02.25"]
[EventType "swiss"]
[EventRounds "9"]
[EventCountry "FRA"]

1. c4 e5 2. Nc3 Bb4 3. Nd5 Bc5 4. d3 c6 5. Nc3 Nf6 6. Nf3 d6 7. g3 O-O 8. Bg2 a5 9. O-O h6 10. a3 Bg4 11. Rb1 Na6 12. Na4 Ba7 13. b4 axb4 14. axb4 b5 15. cxb5 cxb5 16. Nc3 Qd7 17. Qb3 Be6 18. Qd1 Nd5 19. Nxd5 Bxd5 20. e4 Bb7 21. Re1 f5 22. Qe2 f4 23. Rd1 fxg3 24. hxg3 Rae8 25. Be3 Bb8 26. Nh4 Kh7 27. Kh2 d5 28. Bh3 Qd6 29. Bf5+ Kg8 30. Bg6 Re6 31. Nf5 Qd7 32. Qh5 Rff6 33. Nh4 Rxg6 34. Nxg6 Qf7 35. exd5 Rxg6 36. d4 Qxd5 37. Rg1 Re6 38. Rbd1 e4 39. Qxd5 Bxd5 40. Rb1 Bd6 41. Bd2 Rf6 42. Be1 Rf5 43. Kh3 Rh5+ 44. Kg2 e3+ 45. f3 Rf5 46. Rf1 g5 47. g4 Rf4 48. Rc1 Rxg4+ 49. Kh3 Rxd4 50. Rc8+ Kf7 0-1

[Event "APSAP op"]
[Site "Paris FRA"]
[Date "1995.02.28"]
[Round "4"]
[White "Hebert, Jean"]
[Black "Mohebbi, Jaffar"]
[Result "1-0"]
[WhiteElo "2400"]
[BlackElo "2250"]
[PlyCount "81"]
[GameId "2129405184008688"]
[EventDate "1995.02.25"]
[EventType "swiss"]
[EventRounds "9"]
[EventCountry "FRA"]

1. d4 Nf6 2. c4 e6 3. Nc3 Bb4 4. e3 b6 5. Bd3 Bb7 6. Nf3 O-O 7. O-O c5 8. Na4 cxd4 9. exd4 Be7 10. Bf4 Na6 11. Rc1 Rc8 12. a3 d5 13. Qe2 dxc4 14. Bxc4 Nc7 15. Be5 Ncd5 16. Nc3 Nxc3 17. Rxc3 Nd5 18. Rcc1 Bg5 19. Rcd1 Nf4 20. Bxf4 Bxf4 21. Ba6 Qd5 22. Bxb7 Qxb7 23. Rd3 Bd6 24. Ng5 Qd5 25. Ne4 Rfd8 26. Nc3 Qa5 27. Rfd1 Bf8 28. Re3 Qf5 29. Re5 Qf4 30. g3 Qh6 31. Kg2 Bd6 32. Re4 g6 33. Nb5 Bb8 34. Nc3 Qf8 35. d5 exd5 36. Nxd5 Kh8 37. b4 Re8 38. Ne7 Rcd8 39. Re1 Rxe7 40. Rxe7 Qg8 41. Qb2+ 1-0

[Event "APSAP op"]
[Site "Paris FRA"]
[Date "1995.03.01"]
[Round "5"]
[White "Afek, Yochanan"]
[Black "Hebert, Jean"]
[Result "0-1"]
[WhiteElo "2370"]
[BlackElo "2400"]
[PlyCount "48"]
[GameId "2129405184008689"]
[EventDate "1995.02.25"]
[EventType "swiss"]
[EventRounds "9"]
[EventCountry "FRA"]

1. e4 e6 2. d4 d5 3. e5 c5 4. c3 Nc6 5. Nf3 Bd7 6. a3 f6 7. Bd3 fxe5 8. Nxe5 Nxe5 9. dxe5 g6 10. O-O Qc7 11. f4 c4 12. Bc2 Bc5+ 13. Kh1 Ne7 14. Nd2 O-O-O 15. b4 cxb3 16. Nxb3 Bb5 17. Rf3 Ba4 18. Nxc5 Bxc2 19. Qxc2 Qxc5 20. Be3 Qa5 21. Rb1 Rd7 22. a4 Rc7 23. Bg1 Rc4 24. Rb4 Qxb4 0-1

[Event "APSAP op"]
[Site "Paris FRA"]
[Date "1995.03.02"]
[Round "6"]
[White "Hebert, Jean"]
[Black "Nikcevic, Nebojsa"]
[Result "1-0"]
[WhiteElo "2400"]
[BlackElo "2435"]
[PlyCount "83"]
[GameId "2129405184008690"]
[EventDate "1995.02.25"]
[EventType "swiss"]
[EventRounds "9"]
[EventCountry "FRA"]

1. Nf3 d5 2. c4 c6 3. d4 Nf6 4. Nc3 e6 5. e3 Nbd7 6. Qc2 Bd6 7. Bd2 O-O 8. O-O-O c5 9. cxd5 exd5 10. h3 Nb6 11. g4 Be6 12. dxc5 Bxc5 13. Bd3 Rc8 14. Ng5 d4 15. exd4 Bxd4 16. Bxh7+ Kh8 17. Nxe6 fxe6 18. Bg5 Rc5 19. Rxd4 Qxd4 20. Be3 Rxc3 21. Bxd4 Rxc2+ 22. Bxc2 Rc8 23. Re1 Nbd5 24. Kb1 Nb4 25. Bb3 e5 26. Bxa7 e4 27. Rc1 Rd8 28. g5 Nh5 29. Bb6 Rd7 30. Re1 Nd5 31. Bxd5 Rxd5 32. h4 Re5 33. Bd4 Re6 34. f3 Ng3 35. Bf2 Nh5 36. Rxe4 Rxe4 37. fxe4 Kg8 38. Kc2 Kf7 39. Be3 Ke6 40. Kd3 g6 41. a4 Kd6 42. b4 1-0

[Event "APSAP op"]
[Site "Paris FRA"]
[Date "1995.03.03"]
[Round "7"]
[White "Giffard, Nicolas"]
[Black "Hebert, Jean"]
[Result "0-1"]
[WhiteElo "2390"]
[BlackElo "2400"]
[PlyCount "158"]
[GameId "2129405184008691"]
[EventDate "1995.02.25"]
[EventType "swiss"]
[EventRounds "9"]
[EventCountry "FRA"]

1. Nf3 Nf6 2. c4 c5 3. g3 d5 4. Bg2 Nc6 5. O-O g6 6. d4 dxc4 7. dxc5 Be6 8. Nc3 Qa5 9. Nd4 Nxd4 10. Qxd4 Rd8 11. Qe5 Bg7 12. Bf4 Nh5 13. Qc7 Qxc7 14. Bxc7 Rc8 15. Bf4 Nxf4 16. gxf4 Rxc5 17. Bxb7 O-O 18. Rad1 Rb8 19. Bf3 Ra5 20. Rd2 Bf6 21. Rc1 h5 22. e3 Ra6 23. Be2 Rab6 24. Rcc2 Kg7 25. Kg2 Bf5 26. Rc1 Rxb2 27. Rxb2 Rxb2 28. Bxc4 Bh4 29. Ne2 Be6 30. Bxe6 Rxe2 31. Bd5 e6 32. Bb3 Rxf2+ 33. Kh3 Bd8 34. Kg3 Re2 35. Rc3 h4+ 36. Kh3 Bb6 37. Kxh4 Bxe3 38. Kg3 Bb6 39. h3 Ba5 40. Rd3 Be1+ 41. Kf3 Rh2 42. Rd7 Kf6 43. Rxa7 Rxh3+ 44. Ke2 Bb4 45. Rc7 Bd6 46. Rc4 Bb8 47. Kf2 Ba7+ 48. Kg2 Rd3 49. Bc2 Rd2+ 50. Kf3 Bb6 51. Rc6 Rf2+ 52. Kg3 Be3 53. Rc4 Rf1 54. Bd3 Ra1 55. Ra4 Bc5 56. Bc2 Rg1+ 57. Kf3 Rf1+ 58. Kg4 Bd6 59. Bb3 Ke7 60. Ra7+ Kf8 61. Ra4 f5+ 62. Kh3 Ke7 63. Ra7+ Kf6 64. Ra6 Rf3+ 65. Kg2 Rd3 66. Ra4 e5 67. fxe5+ Bxe5 68. Ra6+ Bd6 69. Ra5 Rc3 70. Rd5 Be5 71. Bd1 g5 72. a4 g4 73. Be2 f4 74. Bf1 Rc2+ 75. Kg1 f3 76. a5 Ke6 77. Rd3 Bh2+ 78. Kh1 Bf4 79. a6 Rh2+ 0-1